Five essays on the study of pastoralists and the development of pastoralism. (Record no. 24173)
[ view plain ]
| 000 -LEADER | |
|---|---|
| fixed length control field | 00648cam1a220020500 4500 |
| 001 - CONTROL NUMBER | |
| control field | zam00005866 |
| 008 - FIXED-LENGTH DATA ELEMENTS--GENERAL INFORMATION | |
| fixed length control field | 970717n xx eng u |
| 035 ## - SYSTEM CONTROL NUMBER | |
| System control number | (Sirsi) r135866 |
| 040 ## - CATALOGING SOURCE | |
| Modifying agency | UPRA |
| 100 ## - MAIN ENTRY--PERSONAL NAME | |
| Personal name | Holland, Johan. |
| Linkage | A108513.1 |
| 245 10 - TITLE STATEMENT | |
| Title | Five essays on the study of pastoralists and the development of pastoralism. |
| 260 ## - PUBLICATION, DISTRIBUTION, ETC. | |
| Place of publication, distribution, etc. | Bergen : |
| Name of publisher, distributor, etc. | University of Bergen, |
| Date of publication, distribution, etc. | 1980. |
| 440 #0 - SERIES STATEMENT/ADDED ENTRY--TITLE | |
| Title | Occassional paper no. 20 |
| Linkage | S16418.1 |
| 500 ## - GENERAL NOTE | |
| General note | African Savannah studies. |
| 520 ## - SUMMARY, ETC. | |
| Summary, etc. | Contains five essays on livestock. |
| 650 #4 - SUBJECT ADDED ENTRY--TOPICAL TERM | |
| Topical term or geographic name entry element | Livestock. |
| Linkage | S646.1 |
| 650 #4 - SUBJECT ADDED ENTRY--TOPICAL TERM | |
| Topical term or geographic name entry element | Livestock. |
| Linkage | S646.1 |
| 949 10 - LOCAL PROCESSING INFORMATION (OCLC) | |
| m | INESOR |
| t | BOOK |
| l | ON-SHELF |
No items available.